[Event "Challenge"]
[Site "http://www.queenalice.com/game.php?id=1047004"]
[Date "2012.4.8"]
[Round "-"]
[White "PRZ"]
[Black "Espinete"]
[Result "0-1"]
[WhiteElo "1416"]
[BlackElo "1722"]

1. Nf3 d5 2. d4 Nc6 3. Nc3 e6 4. e4 Bb4 5. Bd2 Bxc3 6. Bxc3 dxe4 7. Ne5 Nxe5 8.
dxe5 Qxd1+ 9. Kxd1 Bd7 10. a4 Rd8 11. f3 Bc6+ 12. Bd2 e3 13. Ke2 exd2 14. Rd1
Bxa4 15. b3 Bb5+ 16. Ke3 Bxf1 17. Rhxf1 c5 18. c4 f5 19. Rxd2 Ne7 20. Rxd8+ Kxd8
0-1

[Event "Challenge"]
[Site "http://www.queenalice.com/game.php?id=1047005"]
[Date "2012.4.8"]
[Round "-"]
[White "Espinete"]
[Black "PRZ"]
[Result "1-0"]
[WhiteElo "1734"]
[BlackElo "1450"]

1. e4 c5 2. d4 Nc6 3. dxc5 Qa5+ 4. Nc3 Qxc5 5. Be3 Qd6 6. Qxd6 exd6 7. Nd5 Nge7
8. Bc4 Kd8 9. Nf3 f5 10. exf5 Nxf5 11. Bg5+ Be7 12. g4 Bxg5 13. Nxg5 Re8+ 14.
Kf1 h6 15. Nf7# 1-0

[Event "Challenge"]
[Site "http://www.queenalice.com/game.php?id=1048796"]
[Date "2012.4.14"]
[Round "-"]
[White "leduar"]
[Black "Espinete"]
[Result "1-0"]
[WhiteElo "1930"]
[BlackElo "1716"]

1. e4 e5 2. Nf3 d6 3. Bc4 Bg4 4. h3 Bxf3 5. gxf3 a6 6. d4 b5 7. Bb3 Nc6 8. Be3
f6 9. Bd5 Qd7 10. a4 b4 11. f4 Nge7 12. f5 g6 13. Bxc6 Qxc6 14. d5 Qd7 15. fxg6
hxg6 16. h4 Bh6 17. Bxh6 Rxh6 18. Qd2 g5 19. Qe3 Kf7 20. Nd2 Rxh4 21. Rxh4 gxh4
22. O-O-O Rh8 23. b3 h3 24. Rh1 Ng6 25. Nf1 Nf4 26. Rh2 Qg4 27. f3 Qg5 28. Kb1
a5 29. Qa7 Rc8 30. Qb7 Qg8 31. Kb2 Qd8 32. Ne3 Rb8 33. Qc6 Rb6 34. Qc4 Qd7 35.
Ng4 c6 36. dxc6+ Qe6 37. Nh6+ Kg6 38. Qxe6 Nxe6 39. Rxh3 Ng5 40. Rh1 Nxf3 41.
Ng8 Kf7 42. Nh6+ Ke6 43. Nf5 Nd4 44. c7 Rc6 45. Ng7+ Kd7 46. Rh7 Nxc2 47. Nf5+
Ke8 48. Nxd6+ Rxd6 49. c8=Q+ Rd8 50. Rh8+ Ke7 51. Qxd8+ Ke6 52. Rh7 Ne3 53. Qe7#
1-0

[Event "Challenge"]
[Site "http://www.queenalice.com/game.php?id=1048862"]
[Date "2012.4.14"]
[Round "-"]
[White "jujuju"]
[Black "Espinete"]
[Result "1-0"]
[WhiteElo "1836"]
[BlackElo "1735"]

1. d4 d5 2. c4 e6 3. Nf3 Nf6 4. Nc3 Bb4 5. cxd5 exd5 6. Bg5 O-O 7. a3 Bxc3+ 8.
bxc3 c6 9. e3 Bg4 10. Bd3 Nbd7 11. h3 Bxf3 12. gxf3 Qa5 13. Qc2 g6 14. O-O Nh5
15. Be7 Rfe8 16. Bb4 Qd8 17. c4 Rc8 18. cxd5 cxd5 19. Qa4 a6 20. f4 f5 21. Ba5
b6 22. Bd2 a5 23. Rad1 Qe7 24. Rfe1 Ndf6 25. f3 Rc7 26. Qb3 Rb7 27. e4 Qd7 28.
Bb5 Qf7 29. Bxe8 Nxe8 30. Qxd5 fxe4 31. fxe4 Nhf6 32. Qxf7+ Kxf7 33. a4 Re7 34.
e5 Nd5 35. Kf2 Ng7 36. Kf3 Nf5 37. Ke4 Nf6+ 38. Kd3 Nd5 39. Ke4 Nf6+ 40. Kd3 Nd5
41. Kc4 Ke6 42. Kd3 Rd7 43. Ke4 Ng3+ 44. Kf3 Nf5 45. Re4 h6 46. Kg4 h5+ 47. Kf3
Rc7 48. Rc1 Rxc1 49. Bxc1 Nc3 50. Re1 Nxd4+ 51. Ke3 Nf5+ 52. Kd3 Nxa4 53. Kc4
Nc5 54. Ba3 Nd7 55. Rg1 Nh4 56. Kb5 Kf5 57. Rf1 Ke6 58. Kc6 Nf5 59. Rd1 Nb8+ 60.
Kxb6 Ne3 61. Rd6+ Kf5 62. Rf6+ Ke4 63. Kc7 Na6+ 64. Rxa6 Kxf4 65. e6 Nd5+ 66.
Kd8 Nb4 67. Bxb4 axb4 68. e7 1-0

[Event "Challenge"]
[Site "http://www.queenalice.com/game.php?id=1049430"]
[Date "2012.4.16"]
[Round "-"]
[White "Espinete"]
[Black "Zero3963"]
[Result "1-0"]
[WhiteElo "1720"]
[BlackElo "1377"]

1. e4 Nc6 2. d4 d5 3. exd5 Qxd5 4. b3 Qxd4 5. Qxd4 Nxd4 6. Bd3 b6 7. c3 Bf5 8.
Kd2 Bxd3 9. cxd4 Bf1 10. g3 Bg2 11. f3 Bxh1 12. Ke2 c5 13. Be3 g6 14. Nc3 Bg7
15. Nd5 Rc8 16. Rc1 Nf6 17. Nxf6+ Bxf6 18. Kf2 O-O 19. dxc5 Rfd8 20. Ne2 Rd2 21.
Bxd2 Bd4+ 22. Nxd4 bxc5 23. Ne2 Rd8 24. Ba5 Rd3 25. Rxh1 e5 26. Nc3 f5 27. Rd1
e4 28. Rxd3 exd3 29. Nb5 Kf7 30. Nxa7 Ke6 31. f4 Kd5 32. Ke3 c4 33. Bc3 cxb3 34.
axb3 h6 35. Kxd3 g5 36. fxg5 hxg5 37. h3 f4 38. gxf4 gxf4 39. Be1 Ke5 40. Nc6+
Kd5 41. Nd4 Ke5 42. Nf3+ Kf5 43. b4 Ke6 44. Ke4 Kf6 45. Kxf4 1-0

[Event "Challenge"]
[Site "http://www.queenalice.com/game.php?id=1053977"]
[Date "2012.4.29"]
[Round "-"]
[White "Espinete"]
[Black "Zero3963"]
[Result "1-0"]
[WhiteElo "1721"]
[BlackElo "1438"]

1. e4 d6 2. d4 e5 3. d5 c6 4. c4 Nf6 5. Bg5 g6 6. Nc3 Bg7 7. Nf3 Qb6 8. Bxf6
Bxf6 9. b3 Qa5 10. Qd3 Qa3 11. Be2 O-O 12. O-O Na6 13. Na4 Bd7 14. Nc3 Nc5 15.
Qc2 Bg7 16. Nb1 Qa5 17. a3 Na6 18. Qc3 Qb6 19. b4 Qc7 20. a4 cxd5 21. cxd5 Rac8
22. Qxc7 Nxc7 23. Nc3 Ne8 24. Ra3 a6 25. b5 Nc7 26. b6 Na8 27. a5 Bg4 28. h3
Bxf3 29. Bxf3 f5 30. g4 fxg4 31. Bxg4 Rc4 32. Be6+ Kh8 33. f3 Bh6 34. Ne2 Bd2
35. Kg2 Rc2 36. Rf2 Bb4 37. Ra1 Bc5 38. Rc1 Bxf2 39. Kxf2 Rxc1 40. Nxc1 h5 41.
Ne2 Kh7 42. Kg3 Nxb6 43. axb6 a5 44. Nc3 g5 45. Nb5 Rd8 46. Na3 Kh6 47. h4 a4
48. Nc2 Ra8 49. Na3 Ra5 50. Nc4 Rc5 51. Nxd6 a3 52. Nxb7 Rc2 53. d6 a2 54. Bxa2
Rxa2 55. d7 Ra1 56. d8=Q Rg1+ 57. Kf2 Rc1 58. Qxg5+ Kh7 59. Qxc1 Kg6 60. Qg5+
Kf7 61. Nd6+ 1-0

[Event "Challenge"]
[Site "http://www.queenalice.com/game.php?id=1054117"]
[Date "2012.4.29"]
[Round "-"]
[White "Abstro"]
[Black "Espinete"]
[Result "1-0"]
[WhiteElo "1880"]
[BlackElo "1701"]

1. d4 d5 2. c4 Nf6 3. Nc3 e6 4. e3 Bb4 5. Bd2 Bxc3 6. Bxc3 Nc6 7. Bd3 e5 8. dxe5
Ng4 9. cxd5 Ncxe5 10. Bc2 O-O 11. h3 Nxf2 12. Kxf2 Qd6 13. Bxh7+ Kxh7 14. Qh5+
Kg8 15. Qxe5 Qxe5 16. Bxe5 c5 17. d6 f6 18. Bh2 c4 19. Nf3 Bd7 20. Rac1 b5 21.
b3 Rac8 22. b4 Rc6 23. Rc3 g5 24. Ra1 f5 25. Nxg5 Rf6 26. Rd1 Rg6 27. Bf4 a6 28.
Nf3 Rc8 29. Bg5 Re8 30. Be7 Kh7 31. Ne5 Rg7 32. Nxd7 f4 33. Nf6+ Kh6 34. Nxe8
Rf7 35. e4 Kh5 36. d7 Rxe7 37. d8=Q Rxe4 38. Nf6+ 1-0

[Event "Challenge"]
[Site "http://www.queenalice.com/game.php?id=1054118"]
[Date "2012.4.29"]
[Round "-"]
[White "Sirius"]
[Black "Espinete"]
[Result "1-0"]
[WhiteElo "1755"]
[BlackElo "1726"]

1. e4 e5 2. Bc4 Nf6 3. d3 Bc5 4. a3 O-O 5. Bg5 Be7 6. Nf3 d6 7. Nc3 Bg4 8. Bxf6
Bxf6 9. O-O Nc6 10. h3 Bxf3 11. Qxf3 a6 12. Nd5 Nd4 13. Qd1 b5 14. Nxf6+ Qxf6
15. Bd5 Rab8 16. c3 Ne6 17. g3 Qg6 18. Kh2 Kh8 19. Rg1 f5 20. Bxe6 Qxe6 21. exf5
Rxf5 22. Qc2 Rbf8 23. Rg2 h5 24. Re1 g5 25. d4 e4 26. Rxe4 Qd5 27. Re7 R8f7 28.
Re8+ Kg7 29. b3 c5 30. dxc5 dxc5 31. c4 Qd4 32. cxb5 axb5 33. Re4 Rxf2 34. Rxd4
Rxc2 35. Rxc2 cxd4 36. Rc5 Rf2+ 37. Kg1 Ra2 38. Rxg5+ Kh6 39. Rxb5 Rxa3 40. h4
d3 41. Rb6+ Kg7 42. Kf2 Ra2+ 43. Ke3 Rg2 44. Kf3 Rb2 45. b4 d2 46. Ke2 d1=Q+ 47.
Kxd1 Rg2 48. b5 Rxg3 49. Rb7+ Kg6 50. Rb6+ Kh7 51. Rc6 Rh3 52. Rc4 Rb3 53. Rc5
Kg6 54. Kc2 Rh3 55. Rc4 Rh2+ 56. Kb3 Kf5 57. b6 Rh1 58. Rb4 Rb1+ 59. Kc4 Rc1+
60. Kb5 Re1 61. b7 Re8 62. Kc6 Re6+ 63. Kd7 Re4 64. Rxe4 Kxe4 65. b8=Q 1-0

[Event "Challenge"]
[Site "http://www.queenalice.com/game.php?id=1054653"]
[Date "2012.4.30"]
[Round "-"]
[White "eduardofelix"]
[Black "Espinete"]
[Result "1/2-1/2"]
[WhiteElo "1856"]
[BlackElo "1757"]

1. e4 e5 2. Nf3 d6 3. h3 Nf6 4. Nc3 a6 5. Bc4 b5 6. Bb3 b4 7. Ba4+ Bd7 8. Bxd7+
Nbxd7 9. Ne2 Nxe4 10. d3 Nec5 11. c3 a5 12. d4 Ne4 13. Qd3 d5 14. Nxe5 Nxe5 15.
dxe5 Bc5 16. Be3 Ba7 17. Bxa7 Rxa7 18. cxb4 axb4 19. Qb5+ c6 20. Qxc6+ Rd7 21.
e6 fxe6 22. Qxe6+ Re7 23. Qc6+ Kf7 24. Qb5 Qd6 25. O-O Rb8 26. Qd3 Kg8 27. Rad1
Nf6 28. Nd4 g6 29. Qb3 Kg7 30. Nc2 Reb7 31. Ne3 Rb5 32. g4 Qe5 33. Rfe1 Ne4 34.
Rxd5 Qf4 35. Re2 Nc5 36. Qc4 Qxc4 37. Nxc4 Na4 38. Rxb5 Rxb5 39. Nd6 Rd5 40. Nc4
Rd1+ 41. Kg2 Rc1 42. b3 Nc3 43. Rd2 Ne4 44. Re2 Nc3 45. Rd2 Ra1 46. Rd7+ Kg8 47.
Rd8+ Kg7 48. Rb8 Rxa2 49. Rxb4 Nd1 50. Rb7+ Kf6 51. Rb8 Kg5 52. Rf8 Ra7 53. Ne3
Nc3 54. Rc8 Ne2 55. b4 Nf4+ 56. Kg3 Nd3 57. Rb8 Rf7 58. Nd1 h5 59. Rb5+ Kh6 60.
h4 hxg4 61. Rb8 Ne5 62. Re8 Nc4 63. Kxg4 Nd6 64. Rd8 Nb5 65. f4 Nc7 66. Rd2 Nb5
67. Rd5 Nc7 68. Ra5 Ne6 69. f5 Nd4 70. fxg6 Kxg6 71. Rg5+ Kh6 72. b5 Ne6 73. Rf5
Rxf5 74. Kxf5 Nd4+ 75. Kg4 Nxb5 76. Ne3 Nd4 77. h5 Kh7 78. Nf5 Nxf5 79. Kxf5 Kh6
80. Kg4 Kh7 81. Kg5 Kg7 82. h6+ Kh7 83. Kh5 Kg8 84. Kg6 Kh8 85. Kh5 Kh7 86. Kg5
Kg8 87. Kg6 Kh8 88. Kh5 Kh7 1/2-1/2

[Event "Challenge"]
[Site "http://www.queenalice.com/game.php?id=1057540"]
[Date "2012.5.8"]
[Round "-"]
[White "fbenevides"]
[Black "Espinete"]
[Result "0-1"]
[WhiteElo "1745"]
[BlackElo "1703"]

1. e4 e5 2. Nf3 d6 3. d4 Bg4 4. dxe5 Bxf3 5. gxf3 Nc6 6. exd6 Bxd6 7. Bb5 Ne7 8.
Bd2 O-O 9. a3 Nd4 10. Be2 c5 11. Be3 Qc7 12. h3 f5 13. exf5 Nexf5 14. Bxd4 Nxd4
15. Nc3 Rae8 16. Ne4 Be5 17. Qd3 c4 18. Qd2 Nxe2 19. Qxe2 Bxb2 20. Ra2 Qa5+ 21.
Kf1 c3 22. Qc4+ Kh8 23. Kg2 b5 24. Qd5 Rd8 25. Qh5 Qa4 26. Nxc3 Bxc3 27. Qc5 Qc4
28. Qxc4 bxc4 29. a4 Rd2 30. a5 Bd4 31. Rf1 Rf5 32. h4 Bf6 33. Re1 h5 34. Kg3 g5
35. hxg5 Bxg5 36. Rb2 a6 37. Re4 c3 38. Rc4 cxb2 0-1

[Event "Challenge"]
[Site "http://www.queenalice.com/game.php?id=1057541"]
[Date "2012.5.8"]
[Round "-"]
[White "justeldiablo"]
[Black "Espinete"]
[Result "0-1"]
[WhiteElo "1859"]
[BlackElo "1721"]

1. d4 d5 2. e3 Nf6 3. Bd3 Nc6 4. a3 e5 5. c3 e4 6. Bb5 Bd7 7. Nd2 Na5 8. Bxd7+
Qxd7 9. b4 Nc4 10. Nxc4 dxc4 11. Ne2 b5 12. a4 a6 13. Nf4 g5 14. Nh3 g4 15. Nf4
h5 0-1

[Event "Challenge"]
[Site "http://www.queenalice.com/game.php?id=1057542"]
[Date "2012.5.8"]
[Round "-"]
[White "betofortaleza"]
[Black "Espinete"]
[Result "1-0"]
[WhiteElo "1855"]
[BlackElo "1692"]

1. e4 e5 2. Bc4 Nf6 3. Qe2 Bc5 4. Nf3 d6 5. Ng5 O-O 6. d3 Nc6 7. Be3 Bxe3 8.
Qxe3 Nd4 9. Na3 Ng4 10. Qg3 Qf6 11. Nf3 a6 12. Nxd4 exd4 13. h3 Ne5 14. O-O-O b5
15. Bb3 c5 16. Bd5 Rb8 17. f4 Ng6 18. f5 Nh4 19. Rhf1 Bb7 20. Bxb7 Rxb7 21. Rf4
Qh6 22. Kb1 g5 23. Rg4 Kh8 24. Rxg5 f6 25. Rg4 Qh5 26. Rf1 Rff7 27. Rg8# 1-0

[Event "Challenge"]
[Site "http://www.queenalice.com/game.php?id=1058997"]
[Date "2012.5.12"]
[Round "-"]
[White "leokhine"]
[Black "Espinete"]
[Result "0-1"]
[WhiteElo "1789"]
[BlackElo "1683"]

1. e4 e5 2. Nf3 d6 3. Nc3 Nf6 4. Bc4 Bg4 5. d3 a6 6. a3 b5 7. Bb3 c5 8. h3 Bxf3
9. Qxf3 Nc6 10. Nd5 Nd4 11. Qd1 Nxb3 12. cxb3 Nxd5 13. exd5 Be7 14. O-O O-O 15.
Qf3 g6 16. Qg3 f5 17. f4 Bh4 18. Qe3 Bf6 19. fxe5 Bxe5 20. b4 Bd4 21. Rf3 Bxe3+
22. Bxe3 Qh4 23. bxc5 dxc5 24. Bxc5 Rfe8 25. Bf2 Qf6 26. Rb1 Re2 27. b3 Qd6 28.
Kf1 Rae8 29. Re1 Rxe1+ 30. Bxe1 Qxd5 31. b4 Qa2 32. Bf2 Qb1+ 0-1

[Event "Challenge"]
[Site "http://www.queenalice.com/game.php?id=1058998"]
[Date "2012.5.12"]
[Round "-"]
[White "Gamingo"]
[Black "Espinete"]
[Result "0-1"]
[WhiteElo "1764"]
[BlackElo "1711"]

1. e4 e5 2. Nf3 d6 3. d4 f6 4. dxe5 dxe5 5. Qxd8+ Kxd8 6. Bc4 Bg4 7. Nfd2 Bc5 8.
Nc3 Ne7 9. O-O c6 10. Nb3 Bb4 11. Nd1 b5 12. Be6 Bxe6 13. Nd2 Bxd2 14. Bxd2 a5
15. Be3 Kc7 16. Bc5 Ng6 17. Ne3 Nd7 18. Nf5 Nxc5 19. Nxg7 Bc4 20. Rfd1 Nxe4 21.
Nf5 Rad8 22. Ne3 Rxd1+ 23. Rxd1 Rd8 24. Rxd8 Kxd8 25. Nxc4 bxc4 26. f3 Nd2 27.
Kf2 e4 28. Ke3 Nf1+ 29. Kxe4 Nxh2 30. Kd4 Nf4 31. g3 Ne2+ 32. Kxc4 Nxf3 33. Kc5
Nxg3 34. Kxc6 h5 0-1

[Event "Challenge"]
[Site "http://www.queenalice.com/game.php?id=1065391"]
[Date "2012.5.29"]
[Round "-"]
[White "Espinete"]
[Black "plot24"]
[Result "1-0"]
[WhiteElo "1743"]
[BlackElo "1655"]

1. e4 e5 2. Nf3 Nc6 3. d4 exd4 4. Nxd4 Nf6 5. Bg5 Bc5 6. c3 d6 7. Bb5 Qe7 8. f3
Bd7 9. Bxc6 bxc6 10. Bxf6 gxf6 11. b4 Bb6 12. a4 a5 13. Qd3 d5 14. Nd2 f5 15. b5
c5 16. Nc6 Bxc6 17. bxc6 dxe4 18. fxe4 fxe4 19. Qd7+ Qxd7 20. cxd7+ Kxd7 21. Nc4
Rhe8 22. O-O-O+ Kc6 23. Ne3 Rad8 24. Rhe1 Rd3 25. Rxd3 exd3 26. Kd2 Kd6 27. Nf5+
Kd7 28. Rxe8 Kxe8 29. c4 Kd7 30. Kxd3 c6 31. g4 Bc7 32. h4 Ke6 33. Ng7+ Ke5 34.
Ke3 Bd8 35. Nf5 Bf6 36. Nh6 Bxh4 37. Nxf7+ Kf6 38. Nd8 h5 39. gxh5 Kg5 40. Nxc6
Kxh5 41. Nxa5 1-0

[Event "Challenge"]
[Site "http://www.queenalice.com/game.php?id=1067291"]
[Date "2012.6.2"]
[Round "-"]
[White "Donyelko"]
[Black "Espinete"]
[Result "1-0"]
[WhiteElo "2000"]
[BlackElo "1759"]

1. d4 d5 2. c4 Nf6 3. Nf3 e6 4. c5 c6 5. Bf4 Nbd7 6. b4 b5 7. a4 a6 8. axb5 cxb5
9. Nc3 Be7 10. e3 O-O 11. Bd3 Bb7 12. O-O Nh5 13. Ne2 f6 14. Ng3 Nxf4 15. exf4
Qc7 16. f5 e5 17. dxe5 fxe5 18. Bc2 e4 19. Nd4 Ne5 20. Ne6 Qd7 21. Nxf8 Rxf8 22.
Bxe4 Bf6 23. Bc2 Nc4 24. Ra2 Nb2 25. Qd2 Nc4 26. Qd3 d4 27. Bb3 Qd5 28. f3 Kh8
29. Rc2 Bg5 30. Bxc4 bxc4 31. Qxc4 Be3+ 32. Kh1 Qxc4 33. Rxc4 Bd5 34. Rc2 Bb3
35. Rb2 Bc4 36. Re1 g6 37. fxg6 hxg6 38. Nf1 Bxf1 39. Rxf1 Kg7 40. Rb3 Rd8 41.
Rd1 Bf2 42. g3 Rb8 43. Ra1 Rd8 44. Rxa6 d3 45. Rd6 Rxd6 46. cxd6 d2 47. Rd3 Be1
48. d7 d1=Q 49. Rxd1 Bxb4 50. d8=Q Kh6 51. g4 Bc3 52. h4 Bg7 53. Rd6 Kh7 54. g5
Bh8 55. Qe7+ Bg7 56. Rd7 Kh8 57. Qxg7# 1-0

[Event "Challenge"]
[Site "http://www.queenalice.com/game.php?id=1067426"]
[Date "2012.6.3"]
[Round "-"]
[White "Andrez"]
[Black "Espinete"]
[Result "1-0"]
[WhiteElo "1920"]
[BlackElo "1729"]

1. f4 d5 2. Nf3 f6 3. e3 Bg4 4. Be2 Bxf3 5. Bxf3 e6 6. O-O Bc5 7. b3 c6 8. Bb2
d4 9. Qe2 Nh6 10. a4 dxe3 11. dxe3 Nf5 12. Bd4 Nxd4 13. exd4 Bxd4+ 14. Kh1 Bxa1
15. Qxe6+ Qe7 16. Qc8+ Qd8 17. Re1+ Kf7 18. Qe6+ Kf8 19. Rd1 Qe8 20. Qd6+ Kf7
21. c3 Na6 22. Qa3 Bxc3 23. Nxc3 Nc7 24. Ne4 Kg6 25. Qc5 h5 26. Nd6 Qd7 27. f5+
Kh7 28. Bxh5 Rhf8 29. Qc4 g5 30. Bg6+ Kg7 31. Ne8+ Rfxe8 32. Rxd7+ Kh6 33. Rh7#
1-0

[Event "Challenge"]
[Site "http://www.queenalice.com/game.php?id=1071697"]
[Date "2012.6.13"]
[Round "-"]
[White "blackwolf"]
[Black "Espinete"]
[Result "1-0"]
[WhiteElo "1725"]
[BlackElo "1794"]

1. d4 d5 2. c4 e6 3. Nc3 Bb4 4. Nf3 a5 5. cxd5 Bxc3+ 6. bxc3 Qxd5 7. Bf4 h6 8.
Bxc7 Nf6 9. e3 Nc6 10. Ne5 Nxe5 11. Bxe5 b5 12. Bxf6 gxf6 13. f3 e5 14. Qb3 Qxb3
15. axb3 Bd7 16. Bd3 exd4 17. cxd4 a4 18. O-O f5 19. bxa4 Rxa4 20. Rxa4 bxa4 21.
Ra1 Ke7 22. Bc2 Ra8 23. Kf2 Kf6 24. Ke1 Bb5 25. Kd2 Kg5 26. g3 h5 27. h3 a3 28.
Bd3 Bd7 29. h4+ Kh6 30. Bc4 Be6 31. d5 Bd7 32. Kd3 f6 33. Kd4 Ra4 34. Kc5 Kg7
35. Bb5 Bxb5 36. Kxb5 Ra8 37. Kc6 Kf7 38. d6 Ke6 39. d7 Ra6+ 40. Kc7 Ra7+ 41.
Kc6 Rxd7 42. Rxa3 Rd6+ 43. Kc5 Rd5+ 44. Kc4 Rd1 45. Ra2 Rg1 46. g4 fxg4 47. fxg4
Rxg4+ 48. Kd3 Rxh4 49. Ra8 Rh1 50. Rh8 Kf7 51. Kd4 Kg7 52. Rc8 h4 53. Rc2 Rg1
54. e4 Rg4 55. Kd5 h3 56. e5 Rg2 57. Rc3 h2 58. Rh3 Kg6 59. e6 Rd2+ 60. Kc6 Rc2+
61. Kd7 Rd2+ 62. Ke8 f5 63. Kf8 Kg5 64. e7 Kg4 65. Rh6 Kg3 66. e8=Q f4 67. Qg6+
Kf3 68. Rh3+ Kf2 69. Rxh2+ Ke3 70. Qb6+ Rd4 71. Qb3+ Rd3 72. Rh3+ f3 73. Rxf3+
1-0

[Event "Challenge"]
[Site "http://www.queenalice.com/game.php?id=1071699"]
[Date "2012.6.13"]
[Round "-"]
[White "Espinete"]
[Black "blackwolf"]
[Result "1-0"]
[WhiteElo "1753"]
[BlackElo "1749"]

1. d4 Nf6 2. d5 e6 3. c4 exd5 4. cxd5 Bb4+ 5. Nc3 O-O 6. Bg5 d6 7. e4 Re8 8. f3
Nbd7 9. Bb5 a6 10. Bxd7 Bxd7 11. Ne2 h6 12. Bxf6 Qxf6 13. O-O Bc5+ 14. Kh1 Re5
15. g4 Qh4 16. Ng3 g6 17. Nce2 Bb5 18. Kg2 Rg5 19. h3 Kg7 20. Rh1 Be3 21. f4
Bxe2 22. Qxe2 Bxf4 23. Qf3 Be5 24. Raf1 f6 25. Rf2 Rh8 26. Kf1 Bxg3 27. Qxf6+
1-0

[Event "Challenge"]
[Site "http://www.queenalice.com/game.php?id=1071703"]
[Date "2012.6.13"]
[Round "-"]
[White "jiujitsubr"]
[Black "Espinete"]
[Result "0-1"]
[WhiteElo "1847"]
[BlackElo "1755"]

1. d4 d5 2. c4 e6 3. Nc3 Bb4 4. e3 Nf6 5. Bd3 a5 6. a3 Bxc3+ 7. bxc3 b6 8. Ne2
Ba6 9. cxd5 Qxd5 10. f3 Bxd3 11. Qxd3 O-O 12. O-O c5 13. e4 c4 14. exd5 cxd3 15.
Nf4 exd5 16. Nxd3 Nc6 17. Rb1 Rab8 18. Bf4 Rb7 19. Rfe1 h6 20. Nc5 Re7 21. Rxe7
Nxe7 22. Rxb6 Nh5 23. Bd6 Re8 24. Ra6 Nf5 25. Bc7 Rc8 26. Bxa5 Nf4 27. Nd7 Ne2+
28. Kf2 Nxc3 29. Bxc3 Rxc3 30. Ne5 Nxd4 31. Ra8+ Kh7 32. Nxf7 Nb5 33. a4 Rc2+
34. Kg3 Nd4 35. a5 Nf5+ 36. Kh3 Ne3 37. g3 Nf1 38. Rh8+ Kg6 39. Ne5+ Kf5 40. Ng4
Ra2 41. Ra8 h5 42. Rf8+ Ke6 43. Re8+ Kf7 44. Re1 hxg4+ 45. fxg4 Rxh2# 0-1

[Event "Challenge"]
[Site "http://www.queenalice.com/game.php?id=1071704"]
[Date "2012.6.13"]
[Round "-"]
[White "Espinete"]
[Black "jiujitsubr"]
[Result "0-1"]
[WhiteElo "1769"]
[BlackElo "1825"]

1. d4 Nf6 2. d5 d6 3. c4 g6 4. b3 Bg7 5. Bb2 O-O 6. Nf3 Nbd7 7. e4 c6 8. Bd3 Qc7
9. O-O e5 10. dxe6 fxe6 11. Ng5 Nc5 12. f3 a5 13. Na3 Nxd3 14. Qxd3 a4 15. bxa4
Rxa4 16. f4 e5 17. f5 Qb6+ 18. Kh1 Qxb2 19. Rfb1 Qxa3 20. Rb3 Qc5 21. Rc3 gxf5
22. a3 fxe4 23. Qc2 Ra8 24. Re1 Bf5 25. Ree3 Qb6 26. h4 d5 27. c5 Qa5 28. Rb3 d4
29. Qc4+ Nd5 30. Rg3 e3 31. Nf3 h5 32. Nxe5 Qe1+ 33. Kh2 Qxg3+ 34. Kxg3 Bxe5+
35. Kf3 Bd3# 0-1

[Event "Evron"]
[Site "http://www.queenalice.com/game.php?id=1079348"]
[Date "2012.7.4"]
[Round "-"]
[White "joaobatista"]
[Black "Espinete"]
[Result "0-1"]
[WhiteElo "1847"]
[BlackElo "1775"]

1. Nf3 d5 2. d4 Nf6 3. h3 Bf5 4. Nc3 e6 5. Ne5 Bb4 6. a3 Bxc3+ 7. bxc3 O-O 8.
Bg5 Qd6 9. Bxf6 gxf6 10. Nf3 Be4 11. Nd2 e5 12. f3 Bg6 13. e4 f5 14. Rg1 exd4
15. cxd4 fxe4 16. Kf2 f5 17. g3 e3+ 18. Kxe3 Nc6 19. c3 Kh8 20. Kf2 f4 21. g4 h5
22. gxh5 Bxh5 23. Rg5 Qh6 24. Rxd5 Ne7 25. Bg2 Nxd5 26. Ne4 Ne3 27. Qe2 Rae8 28.
Rc1 Rxe4 29. Rg1 Ng4+ 30. hxg4 Rxe2+ 31. Kxe2 Qe6+ 32. Kf1 Bg6 33. Rh1+ Kg7 34.
Rh2 Rh8 35. Bh3 Bd3+ 36. Kg1 Qe3+ 37. Kg2 Qd2+ 38. Kh1 Qe1+ 39. Bf1 Qxf1# 0-1